| 000 | 00427nam a2200157 4500 | ||
|---|---|---|---|
| 001 | 117587 | ||
| 003 | ES-MaACL | ||
| 005 | 20230906190932.0 | ||
| 007 | t| | ||
| 008 | 070214s1970 it r ||||1| ita d | ||
| 100 | 1 |
_aPaoletti, Pier Maria. _988841 |
|
| 245 | 1 | 3 |
_aLa buona tavola / _cPier Maria Paoletti. |
| 260 |
_aVerona : _bArnoldo Mondadori, _c1970. |
||
| 300 |
_a83 p. ; _c17 cm. |
||
| 852 |
_aES-MaACL _jC-42084 _bR.77475 |
||
| 999 |
_c117587 _d117587 |
||